<?xml version="1.0" encoding="UTF-8"?>
<record
    xmlns:xsi="http://www.w3.org/2001/XMLSchema-instance"
    xsi:schemaLocation="http://www.loc.gov/MARC21/slim http://www.loc.gov/standards/marcxml/schema/MARC21slim.xsd"
    xmlns="http://www.loc.gov/MARC21/slim">

  <leader>02363cam a22002775a 4500</leader>
  <datafield tag="999" ind1=" " ind2=" ">
    <subfield code="c">27393</subfield>
    <subfield code="d">27364</subfield>
  </datafield>
  <controlfield tag="001">13642233</controlfield>
  <controlfield tag="005">20190418130801.0</controlfield>
  <controlfield tag="008">040701s2005    maua   frb    001 0 eng d</controlfield>
  <datafield tag="010" ind1=" " ind2=" ">
    <subfield code="a">  2004054801</subfield>
  </datafield>
  <datafield tag="020" ind1=" " ind2=" ">
    <subfield code="a">020537204X (alk. paper)</subfield>
  </datafield>
  <datafield tag="020" ind1=" " ind2=" ">
    <subfield code="a">9780205372041</subfield>
  </datafield>
  <datafield tag="040" ind1=" " ind2=" ">
    <subfield code="a">DLC</subfield>
    <subfield code="b">eng</subfield>
    <subfield code="c">DLC</subfield>
    <subfield code="d">DLC</subfield>
    <subfield code="d">EG-ScBUE</subfield>
  </datafield>
  <datafield tag="082" ind1="0" ind2="4">
    <subfield code="a">070.4</subfield>
    <subfield code="b">STO</subfield>
    <subfield code="2">22</subfield>
  </datafield>
  <datafield tag="100" ind1="1" ind2=" ">
    <subfield code="a">Stovall, James Glen.</subfield>
    <subfield code="9">37795</subfield>
  </datafield>
  <datafield tag="245" ind1="1" ind2="0">
    <subfield code="a">Journalism :</subfield>
    <subfield code="b">who, what, when, where, why, and how /</subfield>
    <subfield code="c">James Glen Stovall.</subfield>
  </datafield>
  <datafield tag="260" ind1=" " ind2=" ">
    <subfield code="a">Boston :</subfield>
    <subfield code="b">Pearson Education,</subfield>
    <subfield code="c">c.2005.</subfield>
  </datafield>
  <datafield tag="300" ind1=" " ind2=" ">
    <subfield code="a">xxiii, 504 p. :</subfield>
    <subfield code="b">ill. ;</subfield>
    <subfield code="c">24 cm.</subfield>
  </datafield>
  <datafield tag="504" ind1=" " ind2=" ">
    <subfield code="a">Includes bibliographical references and index.</subfield>
  </datafield>
  <datafield tag="505" ind1="0" ind2=" ">
    <subfield code="a">Section one : What. News and society ; The culture of journalism ; Becoming a journalist -- Section two : Where. Newspapers ; Magazines ; Television and radio ; News web sites -- Section three : Who and how. Reporters ; Reporting ; Writing news and features ; Style ; Editiors ; Editing and headline writing ; Visual journalists ; Graphics journalism ; Photojournalism ; Publication and web site designs ; Broadcast journalists ; Writing for broadcast -- Section four : When. Beginning of journalism ; Journalism comes of age ; New realities, new journalism ; Twentieth century and beyond --
Section five : Why. Law and the journalist ; Ethical practices ; Journalism : present and future.</subfield>
  </datafield>
  <datafield tag="520" ind1=" " ind2=" ">
    <subfield code="a">This introductory text offers an inside look at the world of journalism--its practices, culture and fundamentals--and gives practical advice for student journalists. Journalism: Who, What, When, Where, Why and How is a comprehensive introduction to the field, covering how news is produced and delivered, how news organizations work, and how audiences react to and interact with the news media. For students preparing for a career in journalism, the text describes the range of job possibilities in the field and offers practical, basic instruction in the fundamental practices of journalism: reporting, writing, editing, and presentation. Journalism helps students understand this exciting and important field and become more critical consumers of mass media. It also provides an overview of the rich history of journalism in America. --Publisher description.</subfield>
  </datafield>
  <datafield tag="650" ind1=" " ind2="7">
    <subfield code="a">Journalism.</subfield>
    <subfield code="2">BUEsh</subfield>
    <subfield code="9">37800</subfield>
  </datafield>
  <datafield tag="651" ind1=" " ind2=" ">
    <subfield code="2">BUEsh</subfield>
  </datafield>
  <datafield tag="653" ind1=" " ind2=" ">
    <subfield code="b">COMAME</subfield>
    <subfield code="c">April2019</subfield>
  </datafield>
  <datafield tag="655" ind1=" " ind2=" ">
    <subfield code="v">Reading book</subfield>
  </datafield>
  <datafield tag="942" ind1=" " ind2=" ">
    <subfield code="2">ddc</subfield>
  </datafield>
  <datafield tag="952" ind1=" " ind2=" ">
    <subfield code="0">0</subfield>
    <subfield code="1">0</subfield>
    <subfield code="2">ddc</subfield>
    <subfield code="4">0</subfield>
    <subfield code="7">0</subfield>
    <subfield code="8">Baccah</subfield>
    <subfield code="a">MAIN</subfield>
    <subfield code="b">MAIN</subfield>
    <subfield code="c">LOW</subfield>
    <subfield code="d">2019-04-18</subfield>
    <subfield code="e">Purchase</subfield>
    <subfield code="g">2250.00</subfield>
    <subfield code="l">0</subfield>
    <subfield code="o">070.4 STO</subfield>
    <subfield code="p">000044594</subfield>
    <subfield code="r">2025-07-15 00:00:00</subfield>
    <subfield code="v">2812.50</subfield>
    <subfield code="y">NB</subfield>
  </datafield>
  <datafield tag="952" ind1=" " ind2=" ">
    <subfield code="0">0</subfield>
    <subfield code="1">0</subfield>
    <subfield code="2">ddc</subfield>
    <subfield code="4">0</subfield>
    <subfield code="7">0</subfield>
    <subfield code="8">Baccah</subfield>
    <subfield code="a">MAIN</subfield>
    <subfield code="b">MAIN</subfield>
    <subfield code="c">LOW</subfield>
    <subfield code="d">2019-04-18</subfield>
    <subfield code="e">Purchase</subfield>
    <subfield code="g">2250.00</subfield>
    <subfield code="l">2</subfield>
    <subfield code="m">4</subfield>
    <subfield code="o">070.4 STO</subfield>
    <subfield code="p">000044595</subfield>
    <subfield code="r">2025-07-15 00:00:00</subfield>
    <subfield code="s">2022-10-22</subfield>
    <subfield code="v">2812.50</subfield>
    <subfield code="y">BB</subfield>
  </datafield>
  <datafield tag="952" ind1=" " ind2=" ">
    <subfield code="0">0</subfield>
    <subfield code="1">0</subfield>
    <subfield code="2">ddc</subfield>
    <subfield code="4">0</subfield>
    <subfield code="7">0</subfield>
    <subfield code="8">Baccah</subfield>
    <subfield code="a">MAIN</subfield>
    <subfield code="b">MAIN</subfield>
    <subfield code="c">LOW</subfield>
    <subfield code="d">2019-04-18</subfield>
    <subfield code="e">Purchase</subfield>
    <subfield code="g">2250.00</subfield>
    <subfield code="l">0</subfield>
    <subfield code="o">070.4 STO</subfield>
    <subfield code="p">000044596</subfield>
    <subfield code="r">2025-07-15 00:00:00</subfield>
    <subfield code="v">2812.50</subfield>
    <subfield code="y">BB</subfield>
  </datafield>
</record>
